| 000 | 02424nam a2200373 c 4500 | ||
|---|---|---|---|
| 999 |
_c188303 _d188303 |
||
| 003 | BLK | ||
| 005 | 20241029155422.0 | ||
| 008 | 180411b bul|||||r ||||||| ||bul|| | ||
| 010 | _aKNG00197321000 | ||
| 040 | _aBLK | ||
| 041 |
_aBUL _cBUL |
||
| 080 |
_aРуска литература _b821.161.1 _x-1 _z821.161.1-1 |
||
| 080 |
_aРуска литература _b821.161.1 _x-32 _z821.161.1-32 |
||
| 100 | 1 |
_aФранко, Иван Яковлевич _eпърви автор _9380058 |
|
| 139 |
_aФранко, Иван Яковлевич _bФ 77 |
||
| 245 | 1 | 0 |
_aИзбрани творби _cИван Яковлевич Франко; прев. от укр. Пенчо Стефанов Симов; състав. Иван Иванов Давидков; състав. Пенка Асенова Кънева; предг. от Симеон Владимиров. |
| 257 | _aUKR | ||
| 260 |
_bНар. култура _c1981 |
||
| 300 |
_a523 с. _c21 см |
||
| 380 | _aX | ||
| 490 |
_aБиблиотека Световна класика _9201621 |
||
| 500 | _aПрев. е направен от Твори в 20 томах. Киiв, 1951-1952. - Други прев.: Ив. Давидков, Ат. Павлов, А. Манолов, Ив. Дойчинов, Хр. Попов, В. Свинтила, Ст. Бакърджиев, Д. Методиев, К. Кадийски, Е. Манолова, М. Колесник, П. Кънева, П. Атанасов ; Истинското име на прев. В. Свинтила е Владимир Георгиев Николов ; Пълното име на прев. Ив. Давидков е Иван Давидков Иванов, на Д. Методиев - Димитър Методиев Христов, а на С. Владимиров - Симеон Владимиров Георгиев. - 20 125 тир. | ||
| 700 | 1 |
_aСимов, Пенчо Стефанов _eпрев. от укр. _9377430 |
|
| 700 | 1 |
_aДавидков, Иван Иванов _eсъстав. _9381070 |
|
| 700 |
_aКънева, Пенка Асенова _9365440 |
||
| 700 | 1 |
_aВладимиров, Симеон _eпредг. от _9364915 |
|
| 852 | _aЦб 108454 | ||
| 856 | 4 |
_qpdf _i0.00 _ldisable |
|
| 856 | 4 |
_qpdf _i0.00 _ldisable |
|
| 942 |
_cKNG _n0 _s1 |
||
| 944 |
_aCR _c02.12.2016 _k30560 _lГеновева Генчева |
||
| 944 |
_aED _c02.12.2016 _kГрета_Цуфелде |
||
| 999 | _d188303 | ||